<?xml version="1.0" encoding="UTF-8"?>
<record
    xmlns:xsi="http://www.w3.org/2001/XMLSchema-instance"
    xsi:schemaLocation="http://www.loc.gov/MARC21/slim http://www.loc.gov/standards/marcxml/schema/MARC21slim.xsd"
    xmlns="http://www.loc.gov/MARC21/slim">

  <leader>01228nam a22001697a 4500</leader>
  <controlfield tag="003">SGT</controlfield>
  <datafield tag="020" ind1=" " ind2=" ">
    <subfield code="a">9780070635524</subfield>
  </datafield>
  <datafield tag="082" ind1=" " ind2=" ">
    <subfield code="a">658.1,NEW</subfield>
  </datafield>
  <datafield tag="100" ind1=" " ind2=" ">
    <subfield code="a">NEW STROM JOHN W</subfield>
  </datafield>
  <datafield tag="245" ind1=" " ind2=" ">
    <subfield code="a">ORGANIZATIONAL BEHAVIOR  </subfield>
    <subfield code="b">HUMAN BEHAVIOR AT WORK </subfield>
  </datafield>
  <datafield tag="250" ind1=" " ind2=" ">
    <subfield code="a">12TH </subfield>
  </datafield>
  <datafield tag="260" ind1=" " ind2=" ">
    <subfield code="a">NEW DELHI </subfield>
    <subfield code="b">TMH</subfield>
    <subfield code="c">2007</subfield>
  </datafield>
  <datafield tag="300" ind1=" " ind2=" ">
    <subfield code="a">528</subfield>
  </datafield>
  <datafield tag="650" ind1=" " ind2=" ">
    <subfield code="a">MANAGEMENT </subfield>
  </datafield>
  <datafield tag="653" ind1=" " ind2=" ">
    <subfield code="a">and Organizational Culture   PART II : MOTIVATION AND REWARD SYSTEMS   Chapter 5 Motivation Chapter 6 Appraising and Rewarding Performance   PART III : LEADERSHIP AND EMPOWERMENT   Chapter 7 Leadership Chapter 8 Empowerment and Participation   PART IV : INDIVIDUAL AND INTERPERSONAL BEHAVIOR   Chapter 9 Employee Attitudes and Their Effects Chapter 10 Issues Between Organizations and Individuals Chapter 11 Interpersonal Behavior   PART V : GROUP BEHAVIOR   Chapter 12 Informal and Formal Groups Chapter 13 Teams and Team Building   PART VI : CHANGE AND ITS EFFECTS  Chapter 14 Managing Change Chapter 15 Stress and Counseling   PART VII : EMERGING ASPECTS OF ORGANIZATIONAL BEHAVIOR   Chapter 16 Organizational Behavior Across Cultures   PART VIII : CASE PROBLEMS   Glossary Appendix A: Personal Development Plan References Name Index Subject Index</subfield>
  </datafield>
  <datafield tag="942" ind1=" " ind2=" ">
    <subfield code="2">ddc</subfield>
    <subfield code="c">FCM</subfield>
    <subfield code="0">3</subfield>
  </datafield>
  <datafield tag="952" ind1=" " ind2=" ">
    <subfield code="0">0</subfield>
    <subfield code="1">0</subfield>
    <subfield code="2">ddc</subfield>
    <subfield code="4">0</subfield>
    <subfield code="7">0</subfield>
    <subfield code="8">CM</subfield>
    <subfield code="a">SSSL</subfield>
    <subfield code="b">SSSL</subfield>
    <subfield code="c">TXT</subfield>
    <subfield code="d">2016-06-17</subfield>
    <subfield code="g">350.00</subfield>
    <subfield code="i">SGTU</subfield>
    <subfield code="l">8</subfield>
    <subfield code="o">658.1,NEW</subfield>
    <subfield code="p">CM238</subfield>
    <subfield code="r">2023-03-29 00:00:00</subfield>
    <subfield code="s">2023-03-23</subfield>
    <subfield code="w">2016-06-17</subfield>
    <subfield code="y">FCM</subfield>
  </datafield>
  <datafield tag="999" ind1=" " ind2=" ">
    <subfield code="c">9106</subfield>
    <subfield code="d">9106</subfield>
  </datafield>
</record>
